000 02096nam a2200385 c 4500
003 BLK
005 20250603155304.0
008 180411b bul|||||r ||||||| ||bul||
010 _aKNG00214856000
040 _aBLK
041 _aBUL
_cBUL
080 _aФренска литература
_b821.133.1
_x(081)
_z821.133.1(081)
080 _aФренска литература
_b821.133.1
_x-31
_z821.133.1-31
080 _aФренска литература
_b821.133.1
_x-32
_z821.133.1-32
100 1 _aФлобер, Гюстав
_eпърви автор
_9134422
700 _aБогданов, Богдан Иванов
_d1940 - 2016
_gФилолог. Преводач от старогръцки език.
_9363777
700 1 _aПройкова, Пенка Стефанова
_eпрев. на том
_9372458
700 1 _aНеделчев, Михаил Димитров
_eс послесл. от на том
_9365153
139 _aФлобер, Гюстав
_bФ 63
245 1 0 _aИзбрани творби
_bВ 4 т. За том: Роман
_cГюстав Флобер; встъп. статия Богдан Иванов Богданов; прев. на том Пенка Стефанова Пройкова; с послесл. от на том Михаил Димитров Неделчев.
_nТ. 2
_pВъзпитание на чувствата
257 _aFRA
260 София
_bНар. култура
_c1984 -
_fВ. Търново : Д. Найденов
300 _c21 см
380 _aX
505 _g
_r
_tТри новели
653 _aромани
653 _aновели
760 1 _aФлобер, Гюстав
_d1984
_h576 с.
_nОриг. загл. L'education sentimentale ; Trois contes / Gustave Flaubert. - в кн. означено 2. и 4. изд. - 40 125 тир.
_tТ. 2 Възпитание на чувствата
852 _aЦб 125967
856 4 _qpdf
_u
856 4 _qpdf
_u
942 _cKNG
_n0
_04
944 _aCR
_c15.12.2017
_lГеновева Генчева
_k30560
944 _aED
_c22.03.2018
_lф /
_kКети_Илиева
999 _c205251
_d205251